| 000 | 00700nam a2200253Ia 4500 | ||
|---|---|---|---|
| 003 | OSt | ||
| 005 | 20220918182624.0 | ||
| 006 | a|||||r|||| 00| 0 | ||
| 007 | ta | ||
| 008 | 220917b |||||||| |||| 00| 0 eng d | ||
| 024 | _a33,402 | ||
| 037 | _cTextual | ||
| 040 |
_aARTS _cARTS _beng |
||
| 041 |
_2eng _aeng |
||
| 082 | _aO11196,3(Y:351)x, L4 | ||
| 100 |
_aOnyango Ogutu B _960736 |
||
| 245 | 0 | _aKeep my words | |
| 260 |
_aNairobi _bEast African Publishing House _c1974 |
||
| 300 |
_a159p. _ccm. |
||
| 650 | _aENGLISH LITERATURE | ||
| 700 |
_a Poscoe A A _960737 |
||
| 942 |
_hO11196,3(Y:351)x, L4 _cTEXL _2CC |
||
| 999 |
_c169684 _d169684 |
||